| 000 | 00840nam a2200229 a 4500 | ||
|---|---|---|---|
| 001 | 54482 | ||
| 003 | BD-RjUL | ||
| 005 | 20211209080128.0 | ||
| 008 | 161107s1952 ii ||||| |||| 00| 0 ben d | ||
| 020 | _c: Tk. 3.00 | ||
| 035 | _a(BD-RjUL)54604 | ||
| 040 |
_aBD-RjUL _bben _cBD-RjUL _dBD-RjUL |
||
| 041 | _aben | ||
| 082 |
_223 _a891.4409 _bBAS 1952 |
||
| 100 |
_aবসু, বুদ্ধদেব _9160573 |
||
| 245 | 1 | 0 |
_aসাহিত্যচর্চা / _cবুদ্ধদেব বসু |
| 260 |
_aকলকাতা : _bসিগনেট প্রেস, _c১৯৫২ |
||
| 300 |
_a১৯৩ পৃ. ; _c২৩ সেমি. |
||
| 650 |
_aবাংলা সাহিত্য _xইতিহাস ও সমালোচনা _9160574 |
||
| 650 |
_aBengali Literature _xHistory and Criticism _9160575 |
||
| 942 |
_2ddc _cBK |
||
| 999 |
_c54482 _d54482 |
||